<?xml version="1.0" encoding="UTF-8"?>
<record
    xmlns:xsi="http://www.w3.org/2001/XMLSchema-instance"
    xsi:schemaLocation="http://www.loc.gov/MARC21/slim http://www.loc.gov/standards/marcxml/schema/MARC21slim.xsd"
    xmlns="http://www.loc.gov/MARC21/slim">

  <leader>00878nam a2200205Ia 4500</leader>
  <datafield tag="952" ind1=" " ind2=" ">
    <subfield code="0">0</subfield>
    <subfield code="1">0</subfield>
    <subfield code="4">0</subfield>
    <subfield code="7">0</subfield>
    <subfield code="a">11</subfield>
    <subfield code="b">11</subfield>
    <subfield code="d">2007-01-08</subfield>
    <subfield code="l">4</subfield>
    <subfield code="o">BD232 F7</subfield>
    <subfield code="p">11 002282</subfield>
    <subfield code="r">2017-04-26</subfield>
    <subfield code="s">2017-04-26</subfield>
    <subfield code="t">1</subfield>
    <subfield code="w">2012-06-26</subfield>
    <subfield code="y">LB</subfield>
  </datafield>
  <datafield tag="952" ind1=" " ind2=" ">
    <subfield code="0">0</subfield>
    <subfield code="1">0</subfield>
    <subfield code="2">lcc</subfield>
    <subfield code="4">0</subfield>
    <subfield code="7">0</subfield>
    <subfield code="a">11</subfield>
    <subfield code="b">11</subfield>
    <subfield code="d">2015-12-01</subfield>
    <subfield code="l">1</subfield>
    <subfield code="o">BD232 F7</subfield>
    <subfield code="p">11 012256</subfield>
    <subfield code="r">2016-12-08</subfield>
    <subfield code="s">2016-12-08</subfield>
    <subfield code="t">2</subfield>
    <subfield code="w">2015-12-01</subfield>
    <subfield code="y">LB</subfield>
  </datafield>
  <datafield tag="999" ind1=" " ind2=" ">
    <subfield code="c">69606</subfield>
    <subfield code="d">69606</subfield>
  </datafield>
  <controlfield tag="008">120626s1995    mx            000 0 spa d</controlfield>
  <datafield tag="020" ind1=" " ind2=" ">
    <subfield code="a">968160172</subfield>
  </datafield>
  <datafield tag="050" ind1=" " ind2=" ">
    <subfield code="a">BD232 </subfield>
    <subfield code="b"> F7</subfield>
  </datafield>
  <datafield tag="100" ind1=" " ind2=" ">
    <subfield code="a">Frondizi, Risieri</subfield>
  </datafield>
  <datafield tag="245" ind1=" " ind2=" ">
    <subfield code="a">&#xBF;Qu&#xE9; son los valores ?</subfield>
    <subfield code="c">/ Risieri, Frondizi</subfield>
  </datafield>
  <datafield tag="250" ind1=" " ind2=" ">
    <subfield code="a">3a. edici&#xF3;n </subfield>
  </datafield>
  <datafield tag="260" ind1=" " ind2=" ">
    <subfield code="a">M&#xE9;xico</subfield>
    <subfield code="b">: Fondo de Cultura Econ&#xF3;mica</subfield>
    <subfield code="c">, 1995</subfield>
  </datafield>
  <datafield tag="300" ind1=" " ind2=" ">
    <subfield code="a">126 p&#xE1;ginas</subfield>
  </datafield>
  <datafield tag="490" ind1=" " ind2=" ">
    <subfield code="a">Brevarios del Fondo de Cultura Econ&#xF3;mica </subfield>
    <subfield code="v">: 135 </subfield>
  </datafield>
  <datafield tag="500" ind1=" " ind2=" ">
    <subfield code="a">Incluye: Pr&#xF3;logo a la segunda edici&#xF3;n (pp. 7 - 8)</subfield>
  </datafield>
  <datafield tag="505" ind1=" " ind2=" ">
    <subfield code="a">&#xBF;Qu&#xE9; son los valores?  
Problemas fundamentales de la axiolog&#xED;a  
Las doctrinas subjetivistas  
Scheler y el apriorismo material de los valores  
Cr&#xED;tica al subjetivismo y objetivismo axiol&#xF3;gicos  
Valor, estructura y situaci&#xF3;n  </subfield>
  </datafield>
  <datafield tag="519" ind1=" " ind2=" ">
    <subfield code="a">Material Complementario / </subfield>
    <subfield code="d">(11 012256)</subfield>
  </datafield>
  <datafield tag="650" ind1=" " ind2="0">
    <subfield code="a">VALORES (FILOSOFIA)</subfield>
  </datafield>
  <datafield tag="942" ind1=" " ind2=" ">
    <subfield code="c">LB</subfield>
  </datafield>
</record>
